|
|
|
|
| LEADER |
01354nam a2200313 a 4500 |
| 001 |
0017270 |
| 003 |
BD-DhAAL |
| 008 |
090719r19941988ii 000 1 eng d |
| 010 |
|
|
|a 90906860
|
| 020 |
|
|
|a 0571218768
|
| 040 |
|
|
|a DLC
|c DLC
|d DLC
|d BD-DhAAL
|
| 082 |
0 |
0 |
|a 813.54
|2 19
|
| 100 |
1 |
|
|a Chatterjee, Upamanyu.
|9 49418
|
| 245 |
1 |
0 |
|a English, August :
|b an Indian story /
|c Upamanyu Chatterjee.
|
| 260 |
|
|
|a Calcutta :
|b Penguin book in association with Faber and Faber ;
|b Rupa & Co.,
|c c1988 [seventh impression 1994].
|
| 300 |
|
|
|a 291 pages ;
|c 19 cm.
|
| 526 |
|
|
|a ENH
|
| 541 |
1 |
|
|a Words N' Pages, Donated By Akbar Ali Khan
|e 17270, 38833
|
| 650 |
|
0 |
|a Young men
|v Fiction.
|9 49419
|
| 650 |
|
0 |
|a Civil service
|v Fiction.
|9 49420
|
| 650 |
|
0 |
|a City and town life
|v Fiction.
|9 49421
|
| 651 |
|
0 |
|a India
|v Fiction.
|9 49422
|
| 655 |
|
7 |
|a Humorous fiction.
|2 gsafd
|
| 655 |
|
7 |
|a Bildungsromans.
|2 gsafd
|
| 852 |
4 |
|
|a Ayesha Abed Library
|c General Stacks
|
| 942 |
|
|
|2 ddc
|c BK
|
| 999 |
|
|
|c 2766
|d 2766
|
| 952 |
|
|
|0 0
|1 0
|2 ddc
|4 0
|6 813_540000000000000_CHA
|7 0
|9 2540
|a BRACUL
|b BRACUL
|c GEN
|d 2009-07-23
|e Words N' Pages
|g 610.00
|l 2
|o 813.54 CHA
|p 3010017270
|r 2025-08-11
|s 2024-06-25
|t 1
|w 2009-07-23
|y BK
|
| 952 |
|
|
|0 0
|1 0
|2 ddc
|4 0
|6 813_540000000000000_CHA
|7 1
|9 70949
|a BRACUL
|b BRACUL
|c AAKC
|d 2022-06-16
|e Donated by Akbar Ali Khan
|l 0
|o 813.54 CHA
|p 3010038833
|r 2022-06-16
|t 2
|w 2022-06-16
|y BK
|